Význam výskumu ekosystémov a ich biodiverzity pre krajinu

Význam a úloha biodiverzity pri budovaní štruktúry ekosystémov, vyjadrujúcich rôznorodosť života na Zemi. Zachovanie biodiverzity a priaznivého stavu biotopov na medzinárodnej, regionálnej a lokálnej úrovni. Ekosystémové funkcie a služby.

Salvato in:
Dettagli Bibliografici
Autore principale: Špulerová, Jana
Natura: Capitolo di libro
Lingua:slovacco
Soggetti:
Tags: Aggiungi Tag
Nessun Tag, puoi essere il primo ad aggiungerne!!

MARC

LEADER 00000naa a2200000 4500
001 0196233
005 20231208081234.9
041 0 |a slo 
044 |a SK 
245 1 0 |a Význam výskumu ekosystémov a ich biodiverzity pre krajinu  |c Jana Špulerová ... [et. al.] 
520 |a Význam a úloha biodiverzity pri budovaní štruktúry ekosystémov, vyjadrujúcich rôznorodosť života na Zemi. Zachovanie biodiverzity a priaznivého stavu biotopov na medzinárodnej, regionálnej a lokálnej úrovni. Ekosystémové funkcie a služby. 
610 2 0 |a prostredie životné 
610 2 0 |a diverzita biologická 
610 2 0 |a ekológia krajiny 
610 2 0 |a ochrana prostredia životného 
610 2 0 |a bezpečnosť environmentálna 
610 2 0 |a systémy environmentálne manažérske 
100 1 |a Špulerová, Jana